00581nam a2200145Ia 4500008004100000020001800041041000800059082001800067100002400085245026200109250000600371260003900377300001000416650000900426210716s2016 xx 000 0 und d a9781785283468 aeng a621.3991 CARH aCartwright, Hersey. aVMware vSphere 6.x datacenter design cookbook: over 75 practical recipes to confidently design an efficient virtual datacenter with VMware vSphere 6.x.bOver 75 practical recipes to confidently design an efficient virtual datacenter with VMware vSphere 6.x. a2 aMumbaibPackt Publishing Ltdc2016 ax,307 aNone